| 000 | 00000nam##2200000za#4500 |
| 001 | 9.580958 |
| 003 | CaOODSP |
| 005 | 20231208112832 |
| 007 | cr ||||||||||| |
| 008 | 150406|2011||||xxc|||||o f|0| 0 eng|d |
| 040 | |aCaOODSP|beng |
| 043 | |an-cn--- |
| 086 | 1 |aPS83-5/R243E-PDF |
| 110 | 1 |aCorrectional Service Canada. |bResearch Branch. |
| 245 | 10|aOffender perceptions on the value of employment / |h[electronic resource]|cPrepared by: Terri-Lynne Scott. |
| 260 | |aOttawa - Ontario : |bCorrectional Service Canada. |cJune 2011. |
| 300 | |a1p. |
| 490 | 1 |aResearch at a glance|vR-243 |
| 590 | |a14-17-Supp|b2014-10-09 |
| 775 | 08|tPerceptions des délinquants au sujet de la valeur du travail / |w(CaOODSP)9.607859 |
| 830 | #0|aResearch at a glance (Correctional Service Canada)|vR-243|w(CaOODSP)9.506649 |
| 856 | 40|ahttp://publications.gc.ca|qPDF|s145 KB|uhttps://publications.gc.ca/collections/collection_2014/scc-csc/PS83-5-R243-eng.pdf|yR-243 |